000 00693nam a22002297a 4500
005 20170124105944.0
010 _a604285
020 _c12.00
035 _a604285
037 _bCen Lib/Ret
040 _aDPL
_bEN
082 _a250.754
_bBAN
100 _aBanerji,Srimati Aparna
_911832
245 _aTraces of buddhism in South India c.700-1600AD /
_cby Srimati Aparna Banerji
260 _aCalcutta
_bScientific book agency
_c1970
270 _a22,Raja woodmunt street
_bCalcutta
300 _a109p.
_c21cm(Hb)
500 _aincludes bibliographical reference
650 _aBuddhism
_91068
650 _aIndia, South
_911833
942 _2ddc
_cEN
_h250.754
_mBAN
999 _c124754
_d124754